[Event "Reykjavik op"]
[Site "Reykjavik"]
[Date "2024.03.19"]
[Round "7"]
[White "Krassel, Timofei"]
[Black "Lu, Maximillian"]
[Result "0-1"]
[WhiteElo "2035"]
[BlackElo "2375"]
[PlyCount "122"]
[EventDate "2024.03.15"]
[EventType "swiss"]
[EventRounds "9"]
[EventCountry "ISL"]
[SourceTitle "CBM 219 Extra"]
[Source "ChessBase"]
[SourceDate "2024.05.31"]
[SourceVersion "1"]
[SourceVersionDate "2024.05.31"]
[SourceQuality "1"]

1. e4 c5 2. Nf3 d6 3. Bb5+ Nd7 4. d4 cxd4 5. Qxd4 Ngf6 6. Nc3 g6 7. Bg5 Bg7 8. Qd2 h6 9. Bxf6 Bxf6 10. e5 dxe5 11. 0-0-0 a6 12. Bxd7+ Bxd7 13. Qe3 Qa5 14. Rd5 b5 15. Nxe5 Be6 16. Rc5 0-0 17. f4 Rac8 18. a3 Rxc5 19. Qxc5 Rc8 20. Qd4 Rd8 21. Qc5 Rc8 22. Qd4 Qc7 23. Rd1 a5 24. Rd2 b4 25. axb4 axb4 26. Qxb4 Qa7 27. b3 Qe3 28. Nd1 Qa7 29. Nc3 Bxe5 30. fxe5 Qe3 31. Nd1 Qxe5 32. Kb1 Bf5 33. g4 Be4 34. Re2 f5 35. gxf5 gxf5 36. h4 Qc7 37. Ne3 Rb8 38. Qa4 Qc3 39. Kc1 Rc8 40. Qa6 Rc6 41. Qa7 Rc7 42. Qa6 Rc6 43. Qa7 Rg6 44. Nd1 Qe5 45. h5 Rg3 46. Qb6 Kf7 47. c3 Qf6 48. Qc5 Qa6 49. Rxe4 fxe4 50. Qf5+ Qf6 51. Qxe4 Qg5+ 52. Kb1 Rg1 53. Qh7+ Kf6 54. Qh8+ Ke6 55. Qc8+ Kf7 56. Qc4+ Kf8 57. Kc2 Qg2+ 58. Kc1 Qg5+ 59. Kc2 Rg2+ 60. Kb1 Qf5+ 61. Ka1 Qa5+ 0-1

[Event "Reykjavik op"]
[Site "Reykjavik"]
[Date "2024.03.18"]
[Round "6"]
[White "Lu, Maximillian"]
[Black "He, Junchen"]
[Result "1-0"]
[WhiteElo "2375"]
[BlackElo "1956"]
[PlyCount "91"]
[EventDate "2024.03.15"]
[EventType "swiss"]
[EventRounds "9"]
[EventCountry "ISL"]
[SourceTitle "CBM 219 Extra"]
[Source "ChessBase"]
[SourceDate "2024.05.31"]
[SourceVersion "1"]
[SourceVersionDate "2024.05.31"]
[SourceQuality "1"]

1. Nf3 c5 2. e4 Nc6 3. Bb5 e6 4. Bxc6 bxc6 5. 0-0 Qc7 6. Re1 e5 7. c3 d6 8. d4 Ne7 9. dxe5 dxe5 10. Be3 Ng6 11. Nbd2 Bd6 12. Qa4 0-0 13. Nb3 Qb6 14. Nfd2 Be7 15. Qa3 Rd8 16. Nc4 Qb5 17. Bxc5 Bxc5 18. Qxc5 Be6 19. Nca5 Bxb3 20. Qxb5 cxb5 21. axb3 Rd2 22. Rab1 Nf4 23. Nc6 f6 24. Red1 Re2 25. Kf1 Rxe4 26. g3 Nh3 27. f3 Re3 28. Kg2 e4 29. f4 Nxf4+ 30. gxf4 Re2+ 31. Kg1 Kf7 32. Nd4 Re3 33. Re1 Rxe1+ 34. Rxe1 f5 35. Nxf5 Kf6 36. Ng3 g5 37. Nxe4+ Kf5 38. fxg5 Kf4 39. Kf2 Rd8 40. Nc5 Rd5 41. Ne6+ Kf5 42. Nd4+ Kxg5 43. Re7 h5 44. Rxa7 Kg4 45. Rg7+ Kh3 46. Rg3+ 1-0

[Event "Reykjavik op"]
[Site "Reykjavik"]
[Date "2024.03.15"]
[Round "1"]
[White "Pozimski, Szymon"]
[Black "Lu, Maximillian"]
[Result "0-1"]
[WhiteElo "1999"]
[BlackElo "2375"]
[PlyCount "142"]
[EventDate "2024.03.15"]
[EventType "swiss"]
[EventRounds "9"]
[EventCountry "ISL"]
[SourceTitle "CBM 219 Extra"]
[Source "ChessBase"]
[SourceDate "2024.05.31"]
[SourceVersion "1"]
[SourceVersionDate "2024.05.31"]
[SourceQuality "1"]

1. Nf3 d5 2. g3 Nc6 3. d4 Bf5 4. Bg2 Nb4 5. Na3 e6 6. 0-0 Nf6 7. Bg5 Be7 8. c3 Nc6 9. Nc2 0-0 10. Nce1 h6 11. Bxf6 Bxf6 12. Nd3 Qd6 13. Qd2 Na5 14. Nde5 Bxe5 15. Nxe5 f6 16. Nf3 Nc4 17. Qc1 e5 18. Nd2 Nxd2 19. Qxd2 Rad8 20. Rfd1 c6 21. Re1 Bh7 22. Rad1 Qc7 23. Qc1 Kh8 24. e3 h5 25. c4 e4 26. cxd5 Rxd5 27. Qc2 Qe7 28. Bf1 Rfd8 29. Bc4 R5d6 30. Qe2 Qe8 31. Kg2 g5 32. Rh1 Bf5 33. h3 Kg7 34. b4 Qd7 35. Qc2 h4 36. g4 Bg6 37. Rhg1 f5 38. Be2 Rf8 39. Kh1 Rdf6 40. Rdf1 Kh6 41. gxf5 Bxf5 42. Bg4 Bxg4 43. Rxg4 Rf3 44. Qxe4 R8f4 45. exf4 Rxh3+ 46. Kg1 Qxg4+ 47. Qg2 Qxg2+ 48. Kxg2 Rd3 49. fxg5+ Kxg5 50. Rc1 Rxd4 51. b5 cxb5 52. Rc5+ Kg4 53. Rxb5 h3+ 54. Kh2 b6 55. Rb2 Ra4 56. Kg1 Ra3 57. Kh2 Kf4 58. Rd2 Ke4 59. Rb2 Kd4 60. Rc2 b5 61. Kg1 a5 62. Kh2 b4 63. Re2 Rf3 64. Rb2 Kc4 65. Rc2+ Rc3 66. Re2 Rf3 67. Rb2 a4 68. Rc2+ Kd3 69. Rb2 Kc3 70. Re2 b3 71. axb3 axb3 0-1

[Event "New York President's Day GM-A"]
[Site "New York"]
[Date "2024.02.20"]
[Round "9"]
[White "Yu, Jiangwei"]
[Black "Lu, Maximillian"]
[Result "0-1"]
[WhiteElo "2300"]
[BlackElo "2372"]
[PlyCount "120"]
[EventDate "2024.02.15"]
[EventType "tourn"]
[EventRounds "9"]
[EventCountry "USA"]
[EventCategory "6"]
[SourceTitle "CBM 218 Extra"]
[Source "ChessBase"]
[SourceDate "2024.03.31"]
[SourceVersion "1"]
[SourceVersionDate "2024.03.31"]
[SourceQuality "1"]

1. d4 Nf6 2. c4 e6 3. Nc3 Bb4 4. e3 b6 5. Bd2 Bb7 6. Nf3 0-0 7. Bd3 d5 8. cxd5 exd5 9. 0-0 Bd6 10. Rc1 c5 11. dxc5 bxc5 12. Nb5 Be7 13. b4 a6 14. Na3 cxb4 15. Nc2 a5 16. Ncd4 Nbd7 17. Nf5 Nc5 18. Be2 Nfe4 19. Be1 Bf6 20. N3d4 Rc8 21. f3 Nd6 22. Bg3 Bxd4 23. Nxd4 Nc4 24. Nf5 Qf6 25. e4 Nb2 26. Qd2 dxe4 27. Nd6 Nbd3 28. Rc4 Qe6 29. fxe4 Ba6 30. Bxd3 Nxd3 31. Rxc8 Rxc8 32. Nxc8 Qxc8 33. Qg5 a4 34. Be1 h6 35. Qe7 Qc4 36. Qe8+ Kh7 37. Qxf7 Qxf7 38. Rxf7 Nxe1 39. Ra7 Bb5 40. Rb7 Bc6 41. Rxb4 Nd3 42. Rd4 Bb5 43. a3 Kg6 44. Rd5 Bc4 45. Rd4 Bb5 46. g3 Kf6 47. Kg2 Ne1+ 48. Kf2 Nc2 49. Rd6+ Ke7 50. Rg6 Kf7 51. Rb6 Nxa3 52. Kf3 Nc2 53. Kf4 Bc4 54. Rb2 Bb3 55. Ke5 Ke7 56. h4 Ne3 57. Kf4 Nc4 58. Rb1 Ke6 59. h5 a3 60. Ra1 a2 0-1

[Event "New York President's Day GM-A"]
[Site "New York"]
[Date "2024.02.15"]
[Round "1"]
[White "Eidelman, Gabriel"]
[Black "Lu, Maximillian"]
[Result "1-0"]
[WhiteElo "2329"]
[BlackElo "2372"]
[PlyCount "47"]
[EventDate "2024.02.15"]
[EventType "tourn"]
[EventRounds "9"]
[EventCountry "USA"]
[EventCategory "6"]
[SourceTitle "CBM 218 Extra"]
[Source "ChessBase"]
[SourceDate "2024.03.31"]
[SourceVersion "1"]
[SourceVersionDate "2024.03.31"]
[SourceQuality "1"]

1. d4 Nf6 2. Nf3 e6 3. c4 b6 4. Nc3 Bb4 5. Bg5 Bb7 6. e3 h6 7. Bh4 g5 8. Bg3 Ne4 9. Nd2 Nxc3 10. bxc3 Bxc3 11. Rc1 Bxd2+ 12. Qxd2 d6 13. Qb2 f5 14. h4 0-0 15. hxg5 hxg5 16. c5 Qe7 17. cxd6 cxd6 18. Qa3 Rd8 19. Be5 Nc6 20. Rh8+ Kf7 21. Rh7+ Kf8 22. Rxe7 Kxe7 23. Ba6 Bxa6 24. Rxc6 1-0

[Event "Casablanca Mohammed op 4th"]
[Site "Casablanca"]
[Date "2023.08.18"]
[Round "7"]
[White "Choukri, Adel"]
[Black "Lu, Maximillian"]
[Result "0-1"]
[WhiteElo "2307"]
[BlackElo "2396"]
[PlyCount "74"]
[EventDate "2023.08.14"]
[EventType "swiss"]
[EventRounds "9"]
[EventCountry "MAR"]
[SourceTitle "CBM 215 Extra"]
[Source "ChessBase"]
[SourceDate "2023.09.30"]
[SourceVersion "1"]
[SourceVersionDate "2023.09.30"]
[SourceQuality "1"]

1. e4 c5 2. Nf3 d6 3. d4 cxd4 4. Nxd4 Nf6 5. Nc3 a6 6. Bg5 e6 7. Qe2 Be7 8. h4 Nc6 9. 0-0-0 Nxd4 10. Rxd4 h6 11. Be3 e5 12. Rd1 Qa5 13. f3 Be6 14. Qf2 Qc7 15. g4 Rc8 16. Bh3 Qc4 17. g5 Nd7 18. Bxe6 fxe6 19. gxh6 gxh6 20. Rhg1 b5 21. Kb1 Nc5 22. Rg7 b4 23. Qg3 Rf8 24. Qg6+ Kd7 25. Qh7 Rfe8 26. Bxh6 bxc3 27. Bg5 Kc6 28. Rxe7 Qe2 29. Rc1 Rxe7 30. Qxe7 cxb2 31. Rg1 Qxf3 32. Qa7 Qxe4 33. Rd1 Qe2 34. Rd2 Qf1+ 35. Kxb2 Rc7 36. Rxd6+ Kxd6 37. Qb6+ Kd7 0-1

[Event "Casablanca Mohammed op 4th"]
[Site "Casablanca"]
[Date "2023.08.18"]
[Round "8"]
[White "Lu, Maximillian"]
[Black "Sousa, Andre Ventura"]
[Result "0-1"]
[WhiteElo "2396"]
[BlackElo "2445"]
[PlyCount "76"]
[EventDate "2023.08.14"]
[EventType "swiss"]
[EventRounds "9"]
[EventCountry "MAR"]
[SourceTitle "CBM 215 Extra"]
[Source "ChessBase"]
[SourceDate "2023.09.30"]
[SourceVersion "1"]
[SourceVersionDate "2023.09.30"]
[SourceQuality "1"]

1. d4 Nf6 2. c4 e6 3. Nf3 d5 4. g3 dxc4 5. Bg2 c5 6. 0-0 Nc6 7. dxc5 Qxd1 8. Rxd1 Bxc5 9. Nbd2 c3 10. bxc3 0-0 11. Bb2 Bd7 12. Nb3 Be7 13. c4 Rfc8 14. Bxf6 Bxf6 15. Rxd7 Bxa1 16. Nxa1 Rd8 17. Rxd8+ Rxd8 18. Nb3 Rd1+ 19. Bf1 a5 20. a4 b6 21. e3 Rb1 22. Nfd2 Rb2 23. f4 Nb4 24. Kf2 Ra2 25. Be2 Rxa4 26. c5 bxc5 27. Nc4 Nc6 28. Nxc5 Ra2 29. Nb6 Nb4 30. Kf3 Nd5 31. Nxd5 exd5 32. Bd1 Rxh2 33. Bb3 Rb2 34. f5 Kf8 35. f6 gxf6 36. Bxd5 Rb5 37. Nd7+ Ke7 38. Bc6 Rb4 0-1